| 000 | nam a22 7a 4500 | ||
|---|---|---|---|
| 999 |
_c43960 _d43960 |
||
| 003 | OSt | ||
| 005 | 20180415104927.0 | ||
| 008 | 180415b xxu||||| |||| 00| 0 eng d | ||
| 040 | _cIIMT | ||
| 100 | _aTRIVEDI,MUNESH | ||
| 245 | _aPRACTICAL APPROACH OF SOFTWARE ENGINEERING | ||
| 260 |
_aNEW DELHI _bA.P.PUB _c2008 |
||
| 300 | _a241 | ||
| 942 |
_2ddc _c01 |
||